Le Robert pratique dictionnaire d'apprentissage de la langue française

Bibliographic Details
Main Author: Robert, Paul, 1910-1980 (Author)
Format: Book
Language:French
PhysicalDescription:xx, 1656 s. 22 cm
Published: Paris Le Robert c2013
ISBN:9782321001621
Subjects:

MARC

LEADER 00000nam a2200000 a 4500
001 vtls010570160
003 SK-MaSNL
005 20260301214920.0
008 240318s2013 fr g d 001 0 fre
020 |a 9782321001621  |q (viaz.) 
040 |a SNK  |b slo  |c SNK  |e AACR2 
041 0 |a fre 
044 |a fr  |c FR 
072 7 |a 811.133.1  |x Francúzština  |2 konspekt 
080 |a 811.133.1  |2 2001 
080 |a 371.3  |2 2001 
080 |a (038)  |2 2001 
100 1 |a Robert, Paul,  |d 1910-1980  |4 aut  |9 311880 
245 1 0 |a Le Robert pratique  |b dictionnaire d'apprentissage de la langue française  |c rédaction dirigée par Alain Rey 
260 |a Paris  |b Le Robert  |c c2013 
300 |a xx, 1656 s.  |c 22 cm 
650 0 7 |a francúzština  |2 SNKPH  |9 1355 
650 0 7 |a vyučovanie  |2 SNKPH  |9 1522 
650 0 7 |a French language  |2 SNKPHeng  |9 277849 
650 0 7 |a Teaching  |2 SNKPHeng  |9 267199 
655 7 |a slovníky  |2 SNKPH  |9 70413 
655 7 |a Dictionaries  |2 SNKPHeng  |9 294898 
700 1 |a Rey, Alain,  |d 1928-  |4 red  |9 61456 
919 |a 978-2-32100-162-1 
999 |c 926291  |d 928221 
952 |t snkROB 804.0  |a SNKUST  |b SNKUST  |y PREZ  |7 0  |p 17A1094661  |o snkIC 141031  |i snk2014/2361  |8 2  |g 18.99  |0 0  |1 0  |4 0  |d 2014-01-17  |l 0  |r 2025-04-30 00:00:00  |w 2026-02-24